Flag Quiz #1 - Statistics

General Stats
  • This quiz has been taken 13 times
  • The average score is 14 of 16
Answer Stats
Picture Answer % Correct
Austria
100%
Kazakhstan
100%
Mexico
100%
Turkey
100%
Uruguay
100%
Belgium
89%
Colombia
89%
Cuba
89%
Ghana
89%
Iraq
89%
New Zealand
89%
North Korea
89%
Panama
89%
Ethiopia
67%
Mali
67%
Solomon Islands
67%
No matching quizzes found
Score Distribution
Percent of People with Each Score
Percentile by Number Answered
Your Score History
You have not taken this quiz